| 000 | 00429nam a2200121Ia 4500 | ||
|---|---|---|---|
| 008 | 220216s9999 xx 000 0 und d | ||
| 100 | _aKawahara Seiichi | ||
| 245 | 0 | _aHyper-purified natural rubber latex prepared with urea | |
| 260 | _b2nd International Rubber Glove Conference and Exhibition, Technical Papers, 29 June - 1 July, 2004, Kuala Lumpur, Malaysia. | ||
| 650 | _aDeproteinization | ||
| 650 | _aNR latex | ||
| 942 | _cJS | ||
| 999 |
_c60562 _d60562 |
||